000 00278nam a2200121 i 4500
001 bg
245 0 _aScience and Technology in Developing Countries.
260 _aCambridge,
_c1969.
040 _cBPK
041 _apol
942 _cKS
008 s pl f |000 0 pol
999 _c8491
_d8491
856 _uhttp://koha.tu.koszalin.pl/cgi-bin/koha/opac-detail.pl?biblionumber=8491
_yKatalog online BPK